00941nam a22002417a 45000010005000000030006000050050017000110080041000280200018000690400029000870500011001160820011001271000018001382450079001562600039002353000048002745050007003225200260003295210028005895210018006176500031006357000033006666434FISKH20250826090615.0250430b cb ||||| |||| 00| 0 eng d a9789814281317 aFISKHbengcFISKHdFISKH aPE1119 a428.6  aSmith, Annett aDick whittington / cRetold by Annett Smith ; Illustrated by Elise Fowler  aNelson Price : bMilburn, c2000.  a32 pages : bcolor illustrations ; c21 cm  aK  aDesigned for children learning to read, this book retells Dick Whittington in lively, natural language to help children develop the confidence to read alone. Level Four is suitable for children who are ready to read longer stories with a wider vocabulary.8 a510 bLexile adjusted 8 aK bRaz-Plus  aLadybirdvEnglish History  aFowler, Elise eillustrator